00615nam a22002057a 450000500170000001000130001702000220003003500130005203700160006504000120008108200150009310000160010824501060012426000320023027000430026230000240030550000490032965000190037865000120039720170124105930.0 aA-899840 c00.00a8170366186 aA-899840 bCen Lib/Ret aDPLbEN a305.1bDUB aDube, Leela aWomen and kinship :cby Leela Dubebcomparative perspectives on gender in South and South-East Asia / aTokyobUnited Nationsc1997 a53-70, Jngumae 5 Chome, ShibuyabTokyo ax, 214p. c21cm(Hb) aIncludes bibliographical reference and index aSoutheast Asia aKinship